<?xml version="1.0" encoding="UTF-8"?>
<record
    xmlns:xsi="http://www.w3.org/2001/XMLSchema-instance"
    xsi:schemaLocation="http://www.loc.gov/MARC21/slim http://www.loc.gov/standards/marcxml/schema/MARC21slim.xsd"
    xmlns="http://www.loc.gov/MARC21/slim">

  <leader>00689nam a22001337a 4500</leader>
  <datafield tag="040" ind1=" " ind2=" ">
    <subfield code="c">RUA</subfield>
  </datafield>
  <datafield tag="082" ind1=" " ind2=" ">
    <subfield code="a">VEM SOM 2015 B481 Or.1</subfield>
  </datafield>
  <datafield tag="100" ind1=" " ind2=" ">
    <subfield code="a">SOM SOT; &#x179F;&#x17C6; &#x179F;&#x17BC;&#x178F;</subfield>
  </datafield>
  <datafield tag="245" ind1=" " ind2=" ">
    <subfield code="a">Survey on epimiology of foot and mouth disease in cattle at preah sdech district, preu veng province, &#x17A2;&#x1784;&#x17D2;&#x1780;&#x17C1;&#x178F;&#x1796;&#x17B8;&#x1780;&#x1798;&#x17D2;&#x179A;&#x17B7;&#x178F;&#x179A;&#x17B6;&#x179B;&#x178A;&#x17B6;&#x179B;&#x1787;&#x17C6;&#x1784;&#x17BA;&#x17A2;&#x17BB;&#x1799;&#x1780;&#x17D2;&#x178A;&#x17B6;&#x1798;&#x1782;&#x17C4;&#x178A;&#x17C2;&#x179B;&#x1787;&#x17BD;&#x1794;&#x1794;&#x17D2;&#x179A;&#x1791;&#x17C7;&#x1793;&#x17C5;&#x179F;&#x17D2;&#x179A;&#x17BB;&#x1780;&#x1796;&#x17D2;&#x179A;&#x17C7;&#x179F;&#x17D2;&#x178A;&#x17C1;&#x1785; &#x1781;&#x17C1;&#x178F;&#x17D2;&#x178F;&#x1796;&#x17D2;&#x179A;&#x17C3;&#x179C;&#x17C2;&#x1784;</subfield>
  </datafield>
  <datafield tag="260" ind1=" " ind2=" ">
    <subfield code="a">Phnom Penh</subfield>
    <subfield code="b">RUA</subfield>
    <subfield code="c">2015</subfield>
  </datafield>
  <datafield tag="300" ind1=" " ind2=" ">
    <subfield code="a">viii,37p.</subfield>
    <subfield code="b">ill.</subfield>
    <subfield code="c">29cm.</subfield>
  </datafield>
  <datafield tag="856" ind1=" " ind2=" ">
    <subfield code="u">https://drive.google.com/file/d/1KgdgLSTENDg-EGkpc4CZiUpYKRcR0MMv/view?usp=sharing</subfield>
  </datafield>
  <datafield tag="942" ind1=" " ind2=" ">
    <subfield code="c">VEM</subfield>
  </datafield>
  <datafield tag="999" ind1=" " ind2=" ">
    <subfield code="c">8143</subfield>
    <subfield code="d">8143</subfield>
  </datafield>
  <datafield tag="952" ind1=" " ind2=" ">
    <subfield code="0">0</subfield>
    <subfield code="1">0</subfield>
    <subfield code="2">ddc</subfield>
    <subfield code="4">0</subfield>
    <subfield code="6">VEM_SOM_2015_000000000000000_B481_OR_1</subfield>
    <subfield code="7">0</subfield>
    <subfield code="9">46480</subfield>
    <subfield code="a">LBB</subfield>
    <subfield code="b">LBB</subfield>
    <subfield code="c">B481</subfield>
    <subfield code="d">2016-06-27</subfield>
    <subfield code="o">VEM SOM 2015 B481 Or.1</subfield>
    <subfield code="p">RUA057337</subfield>
    <subfield code="r">2016-06-27</subfield>
    <subfield code="w">2016-06-27</subfield>
    <subfield code="y">VEM</subfield>
  </datafield>
  <datafield tag="952" ind1=" " ind2=" ">
    <subfield code="0">0</subfield>
    <subfield code="1">0</subfield>
    <subfield code="2">ddc</subfield>
    <subfield code="4">0</subfield>
    <subfield code="6">VEM_SOM_2015_000000000000000_B481_OR_2</subfield>
    <subfield code="7">0</subfield>
    <subfield code="9">46481</subfield>
    <subfield code="a">LBB</subfield>
    <subfield code="b">LBB</subfield>
    <subfield code="c">B481</subfield>
    <subfield code="d">2016-06-27</subfield>
    <subfield code="o">VEM SOM 2015 B481 Or.2</subfield>
    <subfield code="p">RUA057145</subfield>
    <subfield code="r">2016-06-27</subfield>
    <subfield code="w">2016-06-27</subfield>
    <subfield code="y">VEM</subfield>
  </datafield>
  <datafield tag="952" ind1=" " ind2=" ">
    <subfield code="0">0</subfield>
    <subfield code="1">0</subfield>
    <subfield code="2">ddc</subfield>
    <subfield code="4">0</subfield>
    <subfield code="6">VEM_SOM_2015_000000000000000_B481_OR_3</subfield>
    <subfield code="7">0</subfield>
    <subfield code="9">46482</subfield>
    <subfield code="a">LBB</subfield>
    <subfield code="b">LBB</subfield>
    <subfield code="c">B481</subfield>
    <subfield code="d">2016-06-27</subfield>
    <subfield code="o">VEM SOM 2015 B481 Or.3</subfield>
    <subfield code="p">RUA057085</subfield>
    <subfield code="r">2016-06-27</subfield>
    <subfield code="w">2016-06-27</subfield>
    <subfield code="y">VEM</subfield>
  </datafield>
  <datafield tag="952" ind1=" " ind2=" ">
    <subfield code="0">0</subfield>
    <subfield code="1">0</subfield>
    <subfield code="2">ddc</subfield>
    <subfield code="4">0</subfield>
    <subfield code="6">VEM_SOM_2015_000000000000000_B481_OR_4</subfield>
    <subfield code="7">0</subfield>
    <subfield code="9">46483</subfield>
    <subfield code="a">LBB</subfield>
    <subfield code="b">LBB</subfield>
    <subfield code="c">B481</subfield>
    <subfield code="d">2016-06-27</subfield>
    <subfield code="o">VEM SOM 2015 B481 Or.4</subfield>
    <subfield code="p">RUA057031</subfield>
    <subfield code="r">2016-06-27</subfield>
    <subfield code="w">2016-06-27</subfield>
    <subfield code="y">VEM</subfield>
  </datafield>
  <datafield tag="952" ind1=" " ind2=" ">
    <subfield code="0">0</subfield>
    <subfield code="1">0</subfield>
    <subfield code="2">ddc</subfield>
    <subfield code="4">0</subfield>
    <subfield code="6">VEM_SOM_2015_000000000000000_B481_OR_5</subfield>
    <subfield code="7">0</subfield>
    <subfield code="9">46484</subfield>
    <subfield code="a">LBB</subfield>
    <subfield code="b">LBB</subfield>
    <subfield code="c">B481</subfield>
    <subfield code="d">2016-06-27</subfield>
    <subfield code="o">VEM SOM 2015 B481 Or.5</subfield>
    <subfield code="p">RUA057044</subfield>
    <subfield code="r">2016-06-27</subfield>
    <subfield code="w">2016-06-27</subfield>
    <subfield code="y">VEM</subfield>
  </datafield>
  <datafield tag="952" ind1=" " ind2=" ">
    <subfield code="0">0</subfield>
    <subfield code="1">0</subfield>
    <subfield code="2">ddc</subfield>
    <subfield code="4">0</subfield>
    <subfield code="6">VEM_SOM_2015_000000000000000_B481_OR_6</subfield>
    <subfield code="7">0</subfield>
    <subfield code="9">46485</subfield>
    <subfield code="a">LBB</subfield>
    <subfield code="b">LBB</subfield>
    <subfield code="c">B481</subfield>
    <subfield code="d">2016-06-27</subfield>
    <subfield code="o">VEM SOM 2015 B481 Or.6</subfield>
    <subfield code="p">RUA057206</subfield>
    <subfield code="r">2016-06-27</subfield>
    <subfield code="w">2016-06-27</subfield>
    <subfield code="y">VEM</subfield>
  </datafield>
  <datafield tag="952" ind1=" " ind2=" ">
    <subfield code="0">0</subfield>
    <subfield code="1">0</subfield>
    <subfield code="2">ddc</subfield>
    <subfield code="4">0</subfield>
    <subfield code="6">VEM_SOM_2015_000000000000000_B481_OR_7</subfield>
    <subfield code="7">0</subfield>
    <subfield code="9">56926</subfield>
    <subfield code="a">LBB</subfield>
    <subfield code="b">LBB</subfield>
    <subfield code="c">B481</subfield>
    <subfield code="d">2016-11-17</subfield>
    <subfield code="o">VEM SOM 2015 B481 Or.7</subfield>
    <subfield code="p">a03654</subfield>
    <subfield code="r">2016-11-17</subfield>
    <subfield code="w">2016-11-17</subfield>
    <subfield code="y">VEM</subfield>
  </datafield>
  <datafield tag="952" ind1=" " ind2=" ">
    <subfield code="0">0</subfield>
    <subfield code="1">0</subfield>
    <subfield code="2">ddc</subfield>
    <subfield code="4">0</subfield>
    <subfield code="6">VEM_SOM_2015_000000000000000_B481_OR_8</subfield>
    <subfield code="7">0</subfield>
    <subfield code="9">56927</subfield>
    <subfield code="a">LBB</subfield>
    <subfield code="b">LBB</subfield>
    <subfield code="c">B481</subfield>
    <subfield code="d">2016-11-17</subfield>
    <subfield code="o">VEM SOM 2015 B481 Or.8</subfield>
    <subfield code="p">a03334</subfield>
    <subfield code="r">2016-11-17</subfield>
    <subfield code="w">2016-11-17</subfield>
    <subfield code="y">VEM</subfield>
  </datafield>
  <datafield tag="952" ind1=" " ind2=" ">
    <subfield code="0">0</subfield>
    <subfield code="1">0</subfield>
    <subfield code="4">0</subfield>
    <subfield code="6">VEM_SOM_2015_000000000000000_B693_OR_1</subfield>
    <subfield code="7">0</subfield>
    <subfield code="9">87104</subfield>
    <subfield code="a">LBB</subfield>
    <subfield code="b">LBB</subfield>
    <subfield code="c">B693</subfield>
    <subfield code="d">2021-10-12</subfield>
    <subfield code="o">VEM SOM 2015 B693 Or.1</subfield>
    <subfield code="p">A066293</subfield>
    <subfield code="r">2021-10-12</subfield>
    <subfield code="y">VEM</subfield>
  </datafield>
  <datafield tag="952" ind1=" " ind2=" ">
    <subfield code="0">0</subfield>
    <subfield code="1">0</subfield>
    <subfield code="4">0</subfield>
    <subfield code="6">VEM_SOM_2015_000000000000000_B693_OR_1</subfield>
    <subfield code="7">0</subfield>
    <subfield code="9">87105</subfield>
    <subfield code="a">LBB</subfield>
    <subfield code="b">LBB</subfield>
    <subfield code="c">B693</subfield>
    <subfield code="d">2021-10-12</subfield>
    <subfield code="o">VEM SOM 2015 B693 Or.1</subfield>
    <subfield code="p">A066036</subfield>
    <subfield code="r">2021-10-12</subfield>
    <subfield code="y">VEM</subfield>
  </datafield>
</record>
